Contemporary industrial relations in Japan
שמור ב:
| פורמט: | ספר |
|---|---|
| שפה: | Undetermined |
| יצא לאור: |
Madison
University of Wisconsin Press
1983
|
| נושאים: | |
| תגים: |
הוספת תג
אין תגיות, היה/י הראשונ/ה לתייג את הרשומה!
|
| Thư viện lưu trữ: | Trung tâm Học liệu Trường Đại học Cần Thơ |
|---|
| LEADER | 00514nam a2200181Ia 4500 | ||
|---|---|---|---|
| 001 | CTU_87894 | ||
| 008 | 210402s9999 xx 000 0 und d | ||
| 082 | |a 331.0952 | ||
| 082 | |b C761 | ||
| 245 | 0 | |a Contemporary industrial relations in Japan | |
| 245 | 0 | |c edited by Taishiro Shirai | |
| 260 | |a Madison | ||
| 260 | |b University of Wisconsin Press | ||
| 260 | |c 1983 | ||
| 650 | |a Industrial relations | ||
| 650 | |z Japan | ||
| 904 | |i Trọng Hiếu | ||
| 980 | |a Trung tâm Học liệu Trường Đại học Cần Thơ | ||